000 00629nam a22001817a 4500
005 20251108173617.0
008 250721s1994 xx 000 0 ara d
082 1 4 _a218.51/شري
100 1 _aالشريم، سعود بن إبراهيم بن محمد
245 1 0 _aوميض من الحرم :خطب و مواعظ من المسجد الحرام /
264 1 _aالرياض :
_bمؤسسة الجريسي للتوزيع والاعلان،
_c1994.
300 _a189ص.
490 0 _aالرسائل المكية
_v2
650 1 7 _aالخطب الدينية
650 1 7 _aالمواعظ
942 _2ddc
_cBK
999 _c108058
_d108058